Marques de Soda - Mort Subite - Statistiques

Statistiques générales
  • Ce quiz a été pris 1 286 fois
  • Le résultat moyen est 7 sur 30
Answers on the Grid
Answers color-coded by a green-red scale on the quiz's grid according to % correct below.
Coca-Cola
Pepsi
Schweppes
Orangina
Gini
Oasis
Lipton
Joker
Burn
Monster
Rockstar
Red Bull
Bodyarmor
Cacolac
Capri-Sun
Caraïbos
Champomy
Chupa Chups
Arizona
Fanta
Hawai
Tropico
Pulco
Mountain Dew
Dr Pepper
7UP
CanadaDry
Sunkist
Ginger
Salsi
Oklahoma
Corona
Waterproof
Sodastream
Vittel
Sunazur
MinTonic
Lemonade Mouth
Cleanex
Benco
Mosquito
TakePack
CrazyBiker
Powerade
Coffee-Cola
Worcester Tea
Ice Tea
Basic Fluide
 
Statistiques - réponses
Réponse % Correct
Coca-Cola
49%
7UP
47%
Pepsi
47%
Fanta
44%
Orangina
42%
Schweppes
40%
Dr Pepper
36%
Oasis
36%
Red Bull
34%
Lipton
32%
Tropico
29%
Monster
28%
CanadaDry
25%
Capri-Sun
24%
Arizona
20%
Pulco
19%
Hawai
15%
Mountain Dew
15%
Champomy
14%
Cacolac
13%
Chupa Chups
11%
Gini
11%
Rockstar
9%
Caraïbos
7%
Ginger
6%
Joker
5%
Burn
3%
Sunkist
1%
Bodyarmor
0%
Salsi
0%
Aucun quiz correspondant
Distribution des résultats
% des personnes avec chaque résultat
Percentile par nombre de réponses
Votre historique - résultats
Vous n’avez pas pris ce quiz